| 000 | 00425nam a2200169Ia 4500 | ||
|---|---|---|---|
| 003 | LK-CoDNM | ||
| 008 | 010623t1926 xxu||||| |||| 00| 1 sin d | ||
| 040 |
_aLK-CoDNM _dLK-CoDNM _eLK-CoDNM |
||
| 041 | _asin | ||
| 080 | _a104 C.4 | ||
| 100 | _aBuddhagosha Thero | ||
| 245 | _aVisuddhi Margaya | ||
| 260 |
_bVidyarta Prakasa _aColombo _c1926 |
||
| 300 | _b360, 25 cm | ||
| 700 | _aed by Sumanasara Thero, Galle | ||
| 942 | _cBK | ||
| 999 |
_c93384 _d93384 |
||